00658nam a2200205Ia 450000500170000000800410001702000180005804000180007604100080009408200210010210000210012324500810014425000120022526000690023730000220030665000290032865000430035765000320040070000200043220230207152159.0210716s2010 xx 000 0 und d a9780070701236 cAIMIT LIBRARY aeng a660.63 22bBAIJ aBailey, James E. aBiochemical engineering fundamentals /cBy James E Bailey and David F Ollis. a2nd ed. aNew Delhi :bTata McGraw Hill Education Private Limited ,c2010. axxi,984p.c22 cm. aApplied enzyme catalysis aMetabolic stoichiometry and energetics aInstrumentation and control aOllis, David F.